Les Pokémon avec plus de 600 de base stats - Statistiques

Statistiques générales
  • Ce quiz a été pris 47 fois
  • Le résultat moyen est 46 sur 63
Statistiques - réponses
Total de base stats Pokémon % Correct
720 Arceus
98%
600 Mew
96%
680 Rayquaza
96%
600 Dracolosse
93%
680 Giratina
93%
670 Groudon
93%
670 Kyogre
93%
680 Lugia
93%
680 Mewtwo
93%
670 Regigigas
93%
680 Dialga
91%
680 Palkia
91%
680 Ho-Oh
89%
700 Kyurem
89%
680 Zekrom
89%
700 Zygarde
89%
600 Celebi
87%
680 Reshiram
87%
600 Tyranocif
84%
680 Xerneas
84%
680 Yveltal
84%
700 Zacian
84%
700 Zamazenta
84%
690 Ethernatos
82%
670 Koraidon
82%
680 Lunala
82%
600 Métalosse
82%
670 Miraidon
82%
680 Solgaleo
82%
600 Carchacrok
80%
600 Drattak
80%
600 Deoxys
78%
600 Jirachi
78%
600 Muplodocus
78%
600 Trioxhydre
76%
600 Ékaïser
71%
600 Lanssorien
71%
680 Necrozma
71%
600 Shaymin
71%
600 Victini
69%
600 Démétéros
67%
600 Latias
67%
600 Latios
67%
600 Heatran
64%
670 Monaflèmit
64%
600 Diancie
62%
600 Glaivodo
62%
680 Hoopa
60%
600 Magearna
60%
600 Meloetta
60%
600 Genesect
58%
600 Volcanion
58%
600 Zeraora
58%
680 Sylveroy
56%
600 Marshadow
51%
600 Pêchaminus
49%
600 Pondralugon
49%
600 Zarude
49%
700 Terapagos
42%
600 Melmetal
40%
620 Froussardine
24%
650 Superdofin
24%
640 Amphinobi
20%
Aucun quiz correspondant
Distribution des résultats
% des personnes avec chaque résultat
Percentile par nombre de réponses
Votre historique - résultats
Vous n’avez pas pris ce quiz